| 000 | 00548cam a2200157 a 4500 | ||
|---|---|---|---|
| 001 | 000001422 | ||
| 005 | 20200929145555.0 | ||
| 008 | 821020s1955 xxu 001 0 eng | ||
| 040 |
_aDO-SdBNP _bspa _cBNPHU |
||
| 082 |
_a820.9 _bI31w |
||
| 245 | 0 | 4 |
_aThe Image of the work : _bessays in criticism / _cB. H. Lehman... [et al]. |
| 260 |
_aBerkeley : _bUniversity of California Press, _c1955. |
||
| 300 |
_aviii, 265 p. ; _c24 cm. |
||
| 650 | 4 |
_aLiteratura inglesa _xHistoria y crÃtica _94732 |
|
| 700 | 1 |
_aLehman, B. H. _q(Benjamin Harrison), _d1889-1977 _94733 |
|
| 999 |
_c1339 _d1339 |
||